| 000 | 00695nam a2200277Ia 4500 | ||
|---|---|---|---|
| 003 | OSt | ||
| 005 | 20221007111919.0 | ||
| 006 | a|||||r|||| 00| 0 | ||
| 007 | ta | ||
| 008 | 221006b |||||||| |||| 00| 0 eng d | ||
| 020 | _a9788175348271 | ||
| 024 | _a24,531 | ||
| 037 | _cTextual | ||
| 040 |
_aLCO _cLCO _beng |
||
| 041 |
_2eng _aeng |
||
| 082 | _aZ2,98:1, Q0 | ||
| 100 | _aHargopal | ||
| 245 | 0 | _aIndian Draftsman.2V | |
| 250 | _a12th | ||
| 260 |
_aDelhi _bUniversal Law Publishing Co. Pvt. Ltd. India _c2010 |
||
| 300 | _a2811 | ||
| 490 | _vII | ||
| 650 | _aINDIAN DRAFTSMAN | ||
| 942 |
_hZ2,98:1, Q0 _cTEXL |
||
| 999 |
_c1194094 _d1194094 |
||